Tolkāppiyar kaṇṭa Tamil̲ar camutāyam. (Record no. 79340)

MARC details
000 -LEADER
fixed length control field 00631cam a22002171 4500
001 - CONTROL NUMBER
control field sa 68003253
003 - CONTROL NUMBER IDENTIFIER
control field DLC
005 - DATE AND TIME OF LATEST TRANSACTION
control field 20260227112451.0
008 - FIXED-LENGTH DATA ELEMENTS--GENERAL INFORMATION
fixed length control field 890706s1962 ii c 000 0 tamo
010 ## - LIBRARY OF CONGRESS CONTROL NUMBER
LC control number sa 68003253
035 ## - SYSTEM CONTROL NUMBER
System control number (OCoLC)19974930
040 ## - CATALOGING SOURCE
Original cataloging agency DLC
Transcribing agency WaU
Modifying agency DLC
050 00 - LIBRARY OF CONGRESS CALL NUMBER
Classification number PL4759.T63
Item number N3
100 1# - MAIN ENTRY--PERSONAL NAME
Personal name Nāyuṭu, A. Ki.
Fuller form of name (A. Kiruṣṇacāmi),
Dates associated with a name 1888-
245 10 - TITLE STATEMENT
Title Tolkāppiyar kaṇṭa Tamil̲ar camutāyam.
260 ## - PUBLICATION, DISTRIBUTION, ETC.
Date of publication, distribution, etc. 1962.
300 ## - PHYSICAL DESCRIPTION
Extent 14, 4, 539, 5 p.
Other physical details ports.
Dimensions 21 cm.
500 ## - GENERAL NOTE
General note In Tamil.
600 00 - SUBJECT ADDED ENTRY--PERSONAL NAME
Personal name Tolkāppiyar.
Title of a work Tolkāppiyam.
650 #0 - SUBJECT ADDED ENTRY--TOPICAL TERM
Topical term or geographic name entry element Tamil (Indic people)
General subdivision Social life and customs.

No items available.

Powered by Koha